Choosing environmental policy tools : (Registro nro. 1154)

Detalles MARC
000 -CABECERA
Campo de control 00911nam a2200229 a 4500
005 - FECHA Y HORA DE LA ULTIMA TRANSACCION
Campo de control 20160520130314.0
008 - ELEMENTOS DE LONGITUD FIJA—INFORMACION GENERAL
Campo de control 140226s1996 waud||||r|||| 00| 0 eng d
040 ## - FUENTE DE CATALOGACIÓN
Agencia catalogadora original CO-BoIAVH
Agencia transcriptora CO-BoIAVH
041 0# - IDIOMA
Código de idioma para texto/pista de sonido o título separado Inglés
044 ## - PAÍS DE PUBLICACIÓN
País de publicación Estados Unidos
082 04 - NUMERO DE CLASIFICACION DECIMAL DEWEY
Número de clasificación 354.328
Número del ítem R96c
100 1# - ASIENTO PRINCIPAL--NOMBRE PERSONAL
Nombre personal Russell, Clifford S.
Término relacionado autor
9 (RLIN) 11072
245 10 - MENCION DE TITULO
Título Choosing environmental policy tools :
Parte restante del título theoretical cautions and practical considerations /
Mención de responsabilidad Clifford S. Russell y Philip T. Powell
260 ## - PUBLICACION, DISTRIBUCION, ETC. (PIE DE IMPRENTA)
Lugar de publicación, distribución, etc. Washington :
Nombre del editor, distribuidor, etc. Inter-American Development Bank.
Fecha de publicación, distribución, etc. 1996.
300 ## - DESCRIPCION FISICA
Extensión i, 51 páginas :
Otros detalles físicos tablas ;
Dimensiones 28 x 21 cm.
504 ## - NOTA DE BIBLIOGRAFIA, ETC.
Nota de bibliografía Incluye referencias bibliográficas.
650 16 - ASIENTO SECUNDARIO DE MATERIA - TERMINO TEMATICO
Término temático o nombre geográfico como elemento de entrada Política ambiental
Subdivisión general instrumentos
Subdivisión geográfica América Latina
9 (RLIN) 69914
650 26 - ASIENTO SECUNDARIO DE MATERIA - TERMINO TEMATICO
Término temático o nombre geográfico como elemento de entrada Política ambiental
Subdivisión general buenas prácticas
Subdivisión geográfica América Latina
9 (RLIN) 69915
650 26 - ASIENTO SECUNDARIO DE MATERIA - TERMINO TEMATICO
Término temático o nombre geográfico como elemento de entrada Desarrollo sostenible
Subdivisión geográfica América Latina
9 (RLIN) 69916
700 1# - ASIENTO SECUNDARIO - NOMBRE PERSONAL
Nombre personal Powell, Philip T.
Término de relación autor
9 (RLIN) 11074
942 ## - ELEMENTOS ADICIONALES (KOHA)
Tipo de ítem Libro
Sistema de clasificación Dewey Decimal Classification
Existencias
Withdrawn status Lost status Sistema de Clasificación Damaged status No para préstamo Colección Inventariado Ubicación Permanente Ubicación actual Fecha de adquisición Fuente de Valor Valor Total Checkouts Número topográfico Inventario / Código de Barras Date last seen Ejemplar Price effective from Forma de adquisición Tipo de material
    Dewey Decimal Classification     General Inventariado 2017 Bogotá Bogotá 17/04/1999 Instituto 39000.00   LB-354.328 R96c 003675 04/12/2012 Ej. 1 04/12/2012 Donación Libro